El pueblo debe saber : (Record no. 10609)

000 -CABECERA
fixed length control field 00966nam a22002057a 4500
003 - IDENTIFICADOR DEL NÚMERO DE CONTROL
control field AR-CdUCM
008 - DATOS DE LONGITUD FIJA--INFORMACIÓN GENERAL
fixed length control field 190401b ||||| |||| 00| 0 spa d
040 ## - FUENTE DE LA CATALOGACIÓN
Agencia/entidad que catalogó originalmente la obra MUNICIPALIDAD PROVINCIAL DEL CUSCO
Entidad que transcribió la catalogación BIBLIOTECA MUNICIPAL DEL CUSCO
082 ## - NÚMERO DE LA CLASIFICACIÓN DECIMAL DEWEY
No. de Clasificación 320.985 /
Notacion interna B28 / 1967
100 ## - ENTRADA PRINCIPAL--NOMBRE DE PERSONA
Nombre Personal Baudouin Laos, Julio,
245 ## - MENCIÓN DE TÍTULO
Título El pueblo debe saber :
Resto del título candentes temas del momento político actual /
260 ## - PUBLICACIÓN, DISTRIBUCIÓN, ETC.
Nombre de la editorial, distribuidor, etc. Pacifico sur,
Fecha de publicación, distribución, etc. 1967.
300 ## - DESCRIPCIÓN FÍSICA
Nº de Páginas Extensión 100 paginas ;
Dimensiones 20 cm.
505 ## - NOTA DE CONTENIDO CON FORMATO
Nota de contenido formateada Contenido : El principio de autoridad y las lecciones de la opinión publica -- El Perú bajo la acción de males físicos y morales -- La administración publica como problema nacional -- El fracaso de los concejos municipales -- La independencia de la universidad en su misión forjadora...
650 ## - PUNTO DE ACCESO ADICIONAL DE MATERIA--TÉRMINO DE MATERIA
Descriptor Administración publica en el Perú
9 (RLIN) 27568
650 ## - PUNTO DE ACCESO ADICIONAL DE MATERIA--TÉRMINO DE MATERIA
Descriptor Presupuesto central
9 (RLIN) 27569
650 ## - PUNTO DE ACCESO ADICIONAL DE MATERIA--TÉRMINO DE MATERIA
Descriptor Concejos municipales
9 (RLIN) 27570
942 ## - ELEMENTOS DE PUNTO DE ACCESO ADICIONAL (KOHA)
Fuente de clasificación
Tipo de item Libros-BMC
945 ## - PROCESAMIENTO DE INFORMACIÓN LOCAL (OCLC)
Catalogador wnts
Holdings
Estado de retiro (separado) Fuente de clasificación o esquema de estanterías Estado dañado Ubicación Sala donde se ubica Nombre de la colección Fecha de adquisición o compra Costo, precio normal en soles Signatura topográfica Código de Barras Última vez visto (Koha) Tipo de ítem (Koha)
No     Sala Cusco Antiguo Sala Cusco Antiguo Book Cart 2019-04-01 40.00 320.985 / B28 / 1967 SCA0000777 2019-04-01 Libros-BMC
No     Sala Cusco Antiguo Sala Cusco Antiguo Book Cart 2019-04-01 40.00 320.985 / B28 / e.2 / 1967 SCA0000778 2019-04-01 Libros-BMC
No     Sala Cusco Antiguo Sala Cusco Antiguo Book Cart 2019-04-01 40.00 320.985 / B28 / e.3 / 1967 SCA0000779 2019-04-01 Libros-BMC
No     Sala Cusco Antiguo Sala Cusco Antiguo Book Cart 2019-04-01 40.00 320.985 / B28 / e.4 / 1967 SCA0000780 2019-04-01 Libros-BMC
No     Sala Cusco Antiguo Sala Cusco Antiguo Book Cart 2019-04-01 40.00 320.985 / B28 / e.5 / 1967 SCA0000781 2019-04-01 Libros-BMC

Powered by Koha